Dates aléatoires de l'Histoire de France #1 - Statistiques

Statistiques générales
  • Ce quiz a été pris 130 fois
  • Le résultat moyen est 10 sur 20
Statistiques - réponses
Evénement(s) Date % Correct
Séparation de l'Eglise et de l'Etat 1905
85%
Défaite militaire de Waterloo 1815
82%
Jean Marie le Pen est au second tour de l'élection présidentielle 2002
79%
Napoléon III est capturé par les prussiens 1870
71%
La Commune de Paris 1871
63%
Louis XIV devient roi à 5 ans 1643
59%
Fin de la Guerre d'Indochine 1954
56%
Toussaint Rouge (Guerre d'Algérie) 1954
56%
Fin de la "drôle de guerre" 1940
52%
Henri IV est assassiné 1610
48%
René Coty est nommé Président de la République française 1954
47%
Crise du Canal de Suez 1956
40%
Accords de Munich signés par Dalladier 1938
36%
La France se retire de l'OTAN 1966
35%
Grèves massives contre le plan "Juppé" 1995
32%
Lamartine se présente aux élections présidentielles et obtient 0,21% des voix exprimées 1848
31%
Félix Faure décède en fonction lors d'un rapport sexuel 1899
31%
Explosion du Rainbow Warrior appartenant à Green Peace 1985
25%
Maurice Couve de Murville est nommé premier ministre 1968
20%
Première femme ministre 1936
13%
Aucun quiz correspondant
Distribution des résultats
% des personnes avec chaque résultat
Percentile par nombre de réponses
Votre historique - résultats
Vous n’avez pas pris ce quiz